[Event "IECG CN.2002.0.00280 email"]
[Site "IECG email"]
[Date "2002.02.06"]
[Round "?"]
[White "Karlsson, Eine"]
[Black "Korhonen, Paul"]
[Result "1-0"]
[WhiteElo "800"]
[BlackElo "519"]
[PlyCount "41"]
[EventDate "2002.02.06"]
[EventType "tourn (corr)"]
[EventRounds "6"]
[SourceTitle "Corr 2008"]
[Source "ChessBase"]
[SourceDate "2008.06.24"]
[SourceVersion "1"]
[SourceVersionDate "2008.06.24"]
[SourceQuality "1"]

1. e4 e5 2. Nf3 Nc6 3. Bb5 d6 4. 0-0 Be7 5. d4 a6 6. Bxc6+ bxc6 7. dxe5 d5 8. exd5 cxd5 9. h3 Bc5 10. c4 Ne7 11. b4 Bxb4 12. Qa4+ Bd7 13. Qxb4 dxc4 14. Rd1 0-0 15. Bg5 Re8 16. Qc5 h6 17. Bh4 g5 18. Bxg5 hxg5 19. e6 fxe6 20. Qxg5+ Kf8 21. Qh6+ 1-0

[Event "IECG CN.2002.0.00280 email"]
[Site "IECG email"]
[Date "2002.02.06"]
[Round "?"]
[White "Rosenberger, Jerome"]
[Black "Karlsson, Eine"]
[Result "1-0"]
[WhiteElo "855"]
[BlackElo "800"]
[PlyCount "71"]
[EventDate "2002.02.06"]
[EventType "tourn (corr)"]
[EventRounds "6"]
[SourceTitle "Corr 2008"]
[Source "ChessBase"]
[SourceDate "2008.06.24"]
[SourceVersion "1"]
[SourceVersionDate "2008.06.24"]
[SourceQuality "1"]

1. d4 d5 2. e3 Nf6 3. Bd3 g6 4. Nd2 b6 5. f4 Bg7 6. Ngf3 0-0 7. 0-0 c5 8. c3 c4 9. Bc2 b5 10. a4 Qa5 11. b4 cxb3 12. Nxb3 Qxc3 13. Bd2 Qc6 14. Ne5 Qe8 15. axb5 Qxb5 16. Nc5 Qe8 17. Ba5 Bd7 18. Qd2 Ne4 19. Nxe4 dxe4 20. Bxe4 Bc6 21. Nxc6 Nxc6 22. Bb4 Qd7 23. Bxc6 Qxc6 24. Bxe7 Rfe8 25. Bc5 a5 26. Ra3 a4 27. Rc1 Qd5 28. Rb1 Bf8 29. Bxf8 Kxf8 30. Rb4 Qc6 31. h3 Ra5 32. Qb2 Kg8 33. Rb6 Qe4 34. Rb7 Raa8 35. Qb1 Qc6 36. Kh2 1-0